000 00673nam a2200241Ia 4500
003 OSt
005 20221007080753.0
006 a|||||r|||| 00| 0
007 ta
008 221006b |||||||| |||| 00| 0 eng d
020 _a9781316623084
024 _a45,478
037 _cTextual
040 _aFLL
_cFLL
_beng
041 _2eng
_aeng
082 _aW6:57, Q7
100 _aSAUNDERS Kewin W.
_9695454
245 0 _aFree expression and democracy
_b a comparative analysis
260 _aNew York
_bCambridge University Press USA
_c2017
300 _ax,379p.
_ccm.
942 _hW6:57, Q7
_cTEXL
_2CC
999 _c1160831
_d1160831